000
00203 a2200097 4500
001
23580
100
_a
Massey, H
245
_a
New age in physics
260
_a
_b
Elek Books
_c
1966
090
_c
15965
_d
15965
942
_a
NUST-CAE
_c
M
_c
6630
999
_c
258653
_d
258653